MARC

LEADER 00000nam0a2200000 4500
001 338797
005 20231102005101.0
035 |a (RuTPU)RU\TPU\book\365301 
090 |a 338797 
100 |a 20171204d1963 m y0rusy50 ca 
101 0 |a ger 
102 |a RU 
105 |a y z 000zy 
200 1 |a Приключения Мюнхгаузена  |d Munchhausens abenteuer  |e пересказ-адаптация  |f под ред. Г. С. Штейнпресса 
210 |a Москва  |c Высшая школа  |d 1963 
215 |a 63 с. 
225 1 |a Учебная серия для начального чтения 
510 1 |a Munchhausens abenteuer  |z ger 
606 1 |a Немецкий язык  |x Хрестоматии. Книги для чтения  |2 stltpush  |3 (RuTPU)RU\TPU\subj\45393  |9 64635 
610 1 |a немецкая литература 
610 1 |a чтение 
610 1 |a адаптированные тексты 
686 |a Ш143-24-922.8  |2 rubbk 
702 1 |a Штейнпресс  |b Г. С.  |4 340 
801 1 |a RU  |b 63413507  |c 20171204 
801 2 |a RU  |b 63413507  |c 20201103  |g RCR 
942 |c BK